<The> Importance of supporting the business activities of creative industries

Vplyv kreatívneho priemyslu na národnú ekonomiku. Podpora podnikateľských aktivít v oblasti reklamy. Aktuálna podpora a súvisiace otázky.

Salvato in:
Dettagli Bibliografici
Autore principale: Madudová, Emília
Natura: Capitolo di libro
Lingua:inglese
Soggetti:
Tags: Aggiungi Tag
Nessun Tag, puoi essere il primo ad aggiungerne!!

MARC

LEADER 00000nla a2200000 4500
001 0236620
005 20220803171027.6
041 0 |a eng 
044 |a SK 
245 1 0 |a <The> Importance of supporting the business activities of creative industries  |c Emília Madudová 
520 |a Vplyv kreatívneho priemyslu na národnú ekonomiku. Podpora podnikateľských aktivít v oblasti reklamy. Aktuálna podpora a súvisiace otázky. 
610 2 0 |a ekonomika kreatívna 
610 2 0 |a priemysel kreatívny 
610 2 0 |a podnikanie 
610 2 0 |a podpora podnikania 
100 1 |a Madudová, Emília